|
|
|
|
| LEADER |
00778pam a22002778a 4500 |
| 001 |
00027799 |
| 005 |
20171026081022.0 |
| 008 |
111220s2008 ||||||Engsd |
| 020 |
# |
# |
|a 0194536370
|
| 041 |
0 |
# |
|a Eng
|
| 082 |
1 |
4 |
|a 428
|b E204
|
| 100 |
1 |
# |
|a Manin, Gregory J.
|
| 245 |
1 |
0 |
|c Gregory J. Manin, Alicia Artusi
|a Engage
|b Level 2 : Student book
|
| 260 |
# |
# |
|a Oxford
|c 2008
|b Oxford Univ. Press
|
| 300 |
# |
# |
|a 120p.
|b ill.
|c 30cm.
|
| 650 |
# |
4 |
|a Tiếng Anh
|x Ngữ pháp
|
| 653 |
# |
# |
|a Anh ngữ thực hành
|
| 700 |
1 |
# |
|a Artusi, Alicia
|
| 852 |
# |
# |
|b Kho đọc
|j KD.0012320
|
| 852 |
# |
# |
|j KD.0012320
|
| 910 |
0 |
# |
|d 20/12/2011
|
| 980 |
# |
# |
|a Trung tâm Học liệu Lê Vũ Hùng, Trường Đại học Đồng Tháp
|